000
00308nam a2200121Ia 4500
005
20251222155039.0
008
251222s9999||||xx |||||||||||||| ||spa||
082
_a
EPI.31
100
_a
Ministerio de Salud.
245
0
_a
Análisis de Situación de Salud Dpto. de Ayacucho.
264
_b
Minsa
942
_c
LIB
999
_c
36853
_d
36853